000
00261nam a2200109Ia 4500
001
588709
005
20250717120836.0
008
250717s9999 xx 000 0 und d
245
0
_a
Z-1 ALTIN NİNE
_c
MERYEM UÇAR
260
_b
ERDEM YAYINLARI
_c
2019
300
_b
86
999
_c
588709
_d
588709